North - South : Developing a new relationship
Bewaard in:
| Hoofdauteur: | |
|---|---|
| Formaat: | Boek |
| Taal: | Undetermined |
| Gepubliceerd in: |
Paris
The atlantic instutute for international affairs
1976
|
| Onderwerpen: | |
| Tags: |
Voeg label toe
Geen labels, Wees de eerste die dit record labelt!
|
| Thư viện lưu trữ: | Trung tâm Học liệu Trường Đại học Cần Thơ |
|---|
| LEADER | 00563nam a2200193Ia 4500 | ||
|---|---|---|---|
| 001 | CTU_105300 | ||
| 008 | 210402s9999 xx 000 0 und d | ||
| 082 | |a 338.91 | ||
| 082 | |b U76 | ||
| 100 | |a Uri, Pierre | ||
| 245 | 0 | |a North - South : | |
| 245 | 0 | |b Developing a new relationship | |
| 245 | 0 | |c Pierre Uri | |
| 260 | |a Paris | ||
| 260 | |b The atlantic instutute for international affairs | ||
| 260 | |c 1976 | ||
| 650 | |a International economic relations,Economic assistance | ||
| 904 | |i Hiếu | ||
| 980 | |a Trung tâm Học liệu Trường Đại học Cần Thơ | ||